| 000 | 01788 a2200325 4500 | ||
|---|---|---|---|
| 001 | 66257 | ||
| 650 |
_919773 _aInternational organization |
||
| 999 |
_c66257 _d17641 |
||
| 003 | TR-AnTOB | ||
| 005 | 20200615100958.0 | ||
| 008 | 080112s2001 ja b i001 0 eng | ||
| 010 | _a2001007540 | ||
| 020 | _a9280810758 | ||
| 040 |
_aDLC _cDLC _dDLC |
||
| 041 | _aeng | ||
| 050 | 0 |
_aJZ5566.4 _b.G58 2001 |
|
| 090 | _aJZ5566.4 .G58 2001 | ||
| 245 | 0 |
_aGlobal governance and the United Nations system / _cedited by Volker Rittberger. |
|
| 264 | 1 |
_aTokyo ; _aNew York : _bUnited Nations University Press, _cc2001. |
|
| 300 |
_axii, 252 p. ; _c24 cm. |
||
| 500 | _a"The United Nations System in the 21st Century"--Cover | ||
| 504 | _aIncludes bibliographical references and index. | ||
| 505 | 0 | _aFrom international to global governance : actors, collective decision-making, and the United Nations in the world of the twenty-first century / Tanja Brühl and VolkerRittberger -- Political systems in the postnational constellation : societal denationalization and multilevel governance / Michael Zürn -- Security-community building for better global governance / Sorpong Peou -- Economic globalization and global governance : towards a post-Washington consensus? / Richard Higgott -- Pressing ahead with new procedures for old machinery : global governance and civil society / Diana Tussie and Maria Pia Riggirozzi -- A subsidiary and federal world republic : thoughts on democracy in the age of globalization / Otfried Hoffe -- Global governance and justice / Yash Tandon | |
| 610 | 2 |
_aBirleşmiş Milletler _924185 |
|
| 610 | 2 |
_aUnited Nations. _bSecretariat _922250 |
|
| 650 | 0 |
_aUluslararası örgüt _997945 |
|
| 700 |
_aRittberger, Volker, _d1941- _928514 |
||
| 901 | _a0022248 | ||
| 942 | _cBK | ||